000 00991cam a22003257i 4500
999 _c8206
_d8206
003 OSt
005 20200812161204.0
008 180712s2018 sz a 000 0 eng d
010 _a 2018951442
016 7 _a019116717
_2Uk
020 _a9783035613612
_q(pbk.) :
020 _a3035613613
020 _z9783035613643 (ePub ebook)
035 _a(OCoLC)on1079209585
042 _alccopycat
050 0 0 _aNA2750
_b.K89 2018
082 0 4 _a729
_223
100 1 _aKuwayama, Maki,
_eauthor.
245 1 4 _aThe process of making :
_bfive parameters to shape buildings /
_cMaki Kuwayama, Joachim Käppeler.
300 _a1 volume :
_billustrations (black and white, and colour) ;
_c21 cm
650 0 _aArchitectural design.
650 0 _aCity planning.
650 0 _aDesign.
650 7 _aArchitectural design.
_2fast
650 7 _aCity planning.
_2fast
650 7 _aDesign.
_2fast
700 1 _aKäppeler, Joachim,
_eauthor.
776 0 8 _iebook version :
_z9783035613643
942 _2ddc